|
|
|
|
| LEADER |
00647nam a2200169 a 4500 |
| 008 |
090802s1967 enk 000 0 eng d |
| 020 |
|
|
|a 0571081827
|
| 082 |
0 |
0 |
|a 822.91082
|2 17
|
| 100 |
1 |
|
|a Stoppard, Tom.
|
| 245 |
1 |
0 |
|a Rosencrantz & Guildenstern are dead /
|c Tom Stoppard.
|
| 260 |
|
|
|a London :
|b Faber and Faber,
|c 1967
|
| 300 |
|
|
|a 118 p ;
|c 20 cm.
|
| 541 |
1 |
|
|e 00014383
|
| 650 |
|
0 |
|a English drama
|y 20th century.
|
| 852 |
4 |
|
|a Ayesha Abed Library
|j General shelf
|
| 999 |
|
|
|c 3728
|d 3728
|
| 952 |
|
|
|0 0
|1 0
|2 ddc
|4 0
|6 822_910820000000000_STO
|7 0
|9 3384
|a BRACUL
|b BRACUL
|c GEN
|d 2009-09-03
|g 901.00
|l 4
|m 16
|o 822.91082 STO
|p 3010014383
|r 2022-05-11
|s 2022-05-11
|t 1
|w 2009-09-03
|y BK
|